000 00528nam a22002051a 4500
003 AR-RoUNCS
005 20251110120150.0
008 070705s1979 sp |||||||||||||| ||spa
020 _a84-7291-118-7
040 _aAR-BaBN
_bspa
_cAR-RoUNCS
_eaacr
080 _075(045)
245 0 4 _aLos genios de la pintura :
_bCézanne.
_n2
260 _aMadrid :
_bSarpe,
_c1979.
300 _a[p.v.]
650 4 _aPINTURA
_xARTE
650 4 _aPINTORES
_vBIOGRAFÍAS
655 _aCATÁLOGOS
700 1 _aCorti, Raffaela
942 _2udc
_cOG
_n0
999 _c711
_d711